000 00301nam a22001337a 4500
008 170628b xxu||||| |||| 00| 0 eng d
020 _a9780814109762
041 _aeng
080 _22ND
_a82
100 _a21
101 _aGJL
245 _aCROSS-TALK IN COMP THEORY
_cVILLANEUVA,V
942 _2udc
_cBK
999 _c19330
_d19330